How to pass graduate psychometric tests : (Record no. 74955)

MARC details
000 -LEADER
fixed length control field 00868nam a22002417a 4500
005 - DATE AND TIME OF LATEST TRANSACTION
control field 20140820103849.0
010 ## - LCCN (DPL NO)
LC control number B-498517-526 ENG-110387
020 ## - INTERNATIONAL STANDARD BOOK NUMBER
International Standard Book Number 9780749462093
Terms of availability 250.00
035 ## - SYSTEM CONTROL NUMBER
System control number B-498517-526
035 ## - SYSTEM CONTROL NUMBER
System control number EN-93919
037 ## - SOURCE OF ACQUISITION
Source of stock number/acquisition UBH/Ven
Stock number dpl
037 ## - SOURCE OF ACQUISITION
Source of stock number/acquisition DBAD/PUB
082 ## - DEWEY DECIMAL CLASSIFICATION NUMBER
Classification number 650.076
100 ## - MAIN ENTRY--PERSONAL NAME
Personal name Bryon, Mike
245 ## - TITLE STATEMENT
Title How to pass graduate psychometric tests :
Statement of responsibility, etc by Mike Bryon
Remainder of title essential preparation for numerical and verbal ability tests plus personality questionaires /
250 ## - EDITION STATEMENT
Edition statement 4th ed
260 ## - PUBLICATION, DISTRIBUTION, ETC. (IMPRINT)
Place of publication, distribution, etc New Delhi
Name of publisher, distributor, etc Kogan Page
Date of publication, distribution, etc 2011
270 ## - ADDRESS
Address 4734/23 Ansari Road, Daryaganj
City New Delhi
Postal code 110002
300 ## - PHYSICAL DESCRIPTION
Extent vii,247p. :
Other physical details ill.
Dimensions 22cm(pbk)
500 ## - GENERAL NOTE
General note Includes index
942 ## - ADDED ENTRY ELEMENTS (KOHA)
Source of classification or shelving scheme Dewey Decimal Classification
Item type English Books
Call number suffix BRY
Classification part 650.076
Holdings
Withdrawn status Lost status Not for loan Collection code Home library Current library Date acquired Source of acquisition Cost, normal purchase price Full call number Barcode Copy number Cost, replacement price Koha item type
      Non-fiction Central Library Central Library 26/08/2013 UBH/BL280/11.03.2013/180/08.03.2013/15.03.2013 250.00 650.076 BRY B-498517 1 250.00 English Books
    Not For Loan Non-fiction D.B.Act.Division D.B.Act.Division 04/07/2014 DBAD/PUB 250.00 650.076 BRY EN-93919 1 250.00 English Books
  Written-off vide DLB M. No. 383 dt 16.05.19   Non-fiction Janak Puri Janak Puri 26/08/2013 UBH/BL280/11.03.2013/180/08.03.2013/15.03.2013 250.00 650.076 BRY B-498520 1 250.00 English Books
      Non-fiction Karol Bagh Karol Bagh 26/08/2013 UBH/BL280/11.03.2013/180/08.03.2013/15.03.2013 250.00 650.076 BRY B-498524 1 250.00 English Books
      Non-fiction Mobile Library Mobile Library 26/08/2013 UBH/BL280/11.03.2013/180/08.03.2013/15.03.2013 250.00 650.076 BRY B-498518 1 250.00 English Books
      Non-fiction Narela Narela 26/08/2013 UBH/BL280/11.03.2013/180/08.03.2013/15.03.2013 250.00 650.076 BRY B-498525 1 250.00 English Books
      Non-fiction Patel Nagar Patel Nagar 26/08/2013 UBH/BL280/11.03.2013/180/08.03.2013/15.03.2013 250.00 650.076 BRY B-498519 1 250.00 English Books
      Non-fiction R.K.Puram-8 R.K.Puram-8 26/08/2013 UBH/BL280/11.03.2013/180/08.03.2013/15.03.2013 250.00 650.076 BRY B-498522 1 250.00 English Books
      Non-fiction Sarojini Nagar Sarojini Nagar 26/08/2013 UBH/BL280/11.03.2013/180/08.03.2013/15.03.2013 250.00 650.076 BRY B-498521 1 250.00 English Books
      Non-fiction Shahdara Branch Shahdara Branch 26/08/2013 UBH/BL280/11.03.2013/180/08.03.2013/15.03.2013 250.00 650.076 BRY B-498526 1 250.00 English Books
      Non-fiction Vinoba Puri Vinoba Puri 26/08/2013 UBH/BL280/11.03.2013/180/08.03.2013/15.03.2013 250.00 650.076 BRY B-498523 1 250.00 English Books

© Delhi Public Library
Hit Counter
free hit counter